LDR 00636nam a2200169 i 4500 001 000000103567 003 CaOOAMICUS 005 20110819000000.0 008 110819s1836 it u000 u mul u 013 $a75738 040 $aSeMil$bita 245 10$aDeutsch-Italienisch [Parte 1]. 300 $aXII, 668 p. 773 0 $tDeutsch-Italienisches und Italienisch-Deutsches Handwörterbuch.$dMailand : Gedruckt und im Verlag bei Pirotta e C., 1836.$g1$w()25340 850 $aSeMil 852 $aSeMil$W1$xVenegono$y1$m1O III 40 FA$j60028$B60028$CSeMilBibl$Z2$F44505 $8I 996 $6245$aDeutsch-Italienisch [Parte 1]$9(OLS)http://semarc/title/150375